| 000 | 00000nam##2200000za#4500 |
| 001 | 9.533974 |
| 003 | CaOODSP |
| 005 | 20210615083427 |
| 007 | ta |
| 008 | 150406|1999||||xxc||||| f|0| 0 eng|d |
| 040 | |aCaOODSP|beng |
| 041 | |aeng |
| 041 | |afre |
| 043 | |an-cn--- |
| 086 | 1 |aSP2-6/1999 |
| 110 | 1 |aCanada. |bQueen's Printer. |
| 245 | 10|aBanks, trust companies and loan companies: unclaimed balances reported as at December 31, 1999 : |bby the chartered banks of Canada / |c(Office of the Superintendent of Financial Institutions: Bank Act.) |
| 260 | |aOttawa - Ontario : |bQueen's Printer |c1999. |
| 300 | |a480p. ; |c28 cm. |
| 490 | 1 |aCanada gazette, part I. Supplement |
| 500 | |aSupplement, Canada Gazette, Part 1, June 24, 2000. |
| 546 | |aBilingual |
| 563 | |aSoftcover |
| 590 | |a00-26|b2000-06-30 |
| 690 | 07|aBanking|2gcpds |
| 690 | 07|aFinancial institutions|2gcpds |
| 776 | 0#|tBanques, sociétés de fiducie et sociétés de prêt - soldes non réclamés : |w(CaOODSP)9.587836 |
| 792 | |tBanques, sociétés de fiducie et sociétés de prêt: soldes non réclamés au 31 décembre 1999 : |efre|w(CaOODSP)9.533975 |
| 830 | #0|aCanada gazette, part I. Supplement.|w(CaOODSP)9.509660 |